Individualism in social science : (Record no. 10081)

MARC details
000 -LEADER
fixed length control field 00741 a2200205 4500
010 ## - LIBRARY OF CONGRESS CONTROL NUMBER
LC control number ENG-89128
020 ## - INTERNATIONAL STANDARD BOOK NUMBER
International Standard Book Number 9780195695717
Terms of availability 395.00
035 ## - SYSTEM CONTROL NUMBER
System control number EN-72661
037 ## - SOURCE OF ACQUISITION
Source of stock number/acquisition DBAD / PUB
082 14 - DEWEY DECIMAL CLASSIFICATION NUMBER
Classification number 300.72
090 ## - LOCALLY ASSIGNED LC-TYPE CALL NUMBER (OCLC); LOCAL CALL NUMBER (OCLC)
-- 10340
-- 10340
100 1# - MAIN ENTRY--PERSONAL NAME
Personal name Bhargava, Rajeev
245 1# - TITLE STATEMENT
Title Individualism in social science :
Statement of responsibility, etc by Rajeev Bhargava
Remainder of title forms and limits of a methodology /
260 ## - PUBLICATION, DISTRIBUTION, ETC. (IMPRINT)
Place of publication, distribution, etc New Delhi
Name of publisher, distributor, etc Oxford University Press
Date of publication, distribution, etc 2008
270 ## - ADDRESS
Address YMCA Library Building, Jai Singh Road
City New Delhi
Postal code 110 001
300 ## - PHYSICAL DESCRIPTION
Extent 271p.
Dimensions 22cm (pbk)
500 ## - GENERAL NOTE
General note Includes bibliographial references and index
942 ## - ADDED ENTRY ELEMENTS (KOHA)
Institution code [OBSOLETE] dpl
Koha item type English Books
Call number prefix 300.72 / BHA
Holdings
Withdrawn status Lost status Source of classification or shelving scheme Damaged status Not for loan Collection code Home library Current library Source of acquisition Cost, normal purchase price Total Checkouts Full call number Barcode Date last seen Copy number Uniform Resource Identifier Cost, replacement price Price effective from Koha item type
    Dewey Decimal Classification   Not For Loan Non-fiction D.B.Act.Division D.B.Act.Division DBAD/PUB 395.00   300.72 BHA EN-72661 15/09/2008 1 11105 395.00 15/09/2008 English Books

© Delhi Public Library
Hit Counter
free hit counter